[Event "ICS rated standard match"]
[Site "204.178.125.65"]
[Date "2000.05.22"]
[Round "?"]
[White "cmslim"]
[Black "Hossa"]
[Result "1-0"]
[WhiteElo "2599"]
[BlackElo "2282"]
[PlyCount "79"]
[EventDate "2000.??.??"]

1. e4 c5 2. Nf3 d6 3. d4 cxd4 4. Nxd4 Nf6 5. Nc3 e6 6. f4 Nc6 7. Be3 Be7 8. Qe2
Nxd4 9. Bxd4 O-O 10. Qd3 d5 11. e5 Nd7 12. Be2 Nc5 13. Qe3 b6 14. O-O Bb7 15.
Qh3 Ne4 16. Bd3 Bb4 17. a3 Bxc3 18. Bxc3 Qc7 19. Bd4 Rac8 20. f5 exf5 21. Qxf5
Rfe8 22. a4 Rcd8 23. c3 Re7 24. Rf4 Rde8 25. Raf1 Rf8 26. Rh4 h6 27. Rg4 Qd8
28. Bxe4 dxe4 29. Qf6 g6 30. e6 Qxd4+ 31. cxd4 Rc7 32. exf7+ Rfxf7 33. Rxg6+
Rg7 34. Qe6+ Kh8 35. Rxh6+ Rh7 36. Rf8+ Kg7 37. Qg8+ Kxh6 38. Rf6+ Kh5 39. Qg6+
Kh4 40. Rf4# {Hossa checkmated} 1-0

[Event "ICS rated standard match"]
[Site "204.178.125.65"]
[Date "2000.05.22"]
[Round "?"]
[White "Hossa"]
[Black "QueenMaxima"]
[Result "0-1"]
[WhiteElo "2278"]
[BlackElo "2332"]
[PlyCount "132"]
[EventDate "2000.??.??"]

1. e4 e5 2. Nf3 Nc6 3. Bb5 a6 4. Bxc6 dxc6 5. Nc3 f6 6. h3 Bc5 7. d3 Ne7 8. Be3
Bxe3 9. fxe3 Be6 10. d4 Ng6 11. Qe2 Qe7 12. O-O-O O-O-O 13. g3 Kb8 14. Kb1 exd4
15. exd4 c5 16. d5 Bd7 17. Qe3 Qd6 18. Ne2 Rde8 19. g4 h5 20. g5 f5 21. Nc3
fxe4 22. Nd2 Qf4 23. Qxc5 e3 24. Nc4 Qxg5 25. Rdg1 Qf6 26. d6 cxd6 27. Nxd6 Re5
28. Qb6 Bc6 29. Rxg6 Qxg6 30. Nxb7 Ka8 31. Qxa6+ Kb8 32. Qb6 Kc8 33. Rd1 e2 34.
Re1 Rf8 35. Qa6 Kc7 36. Nxe2 Qg5 37. Nc5 Ra8 38. Qd3 Rxc5 39. Rg1 Qe5 40. Nd4
Bd5 41. a3 Rf8 42. Qd2 Be4 43. Rd1 Rb8 44. b4 Rc4 45. Qf2 Rc3 46. Qf7+ Kc8 47.
h4 Rxa3 48. Qc4+ Kb7 49. Qe6 Qxe6 50. Nxe6 Rb3+ 51. Kc1 Rxb4 52. Nxg7 Rc8 53.
Rd7+ Ka8 54. Rd2 Bg6 55. Rg2 Rg4 56. Rxg4 hxg4 57. Ne6 g3 58. Ng5 Rxc2+ 59. Kd1
Rh2 60. Ke1 Rh1+ 61. Ke2 g2 62. Kd2 g1=Q 63. Nf3 Qc1+ 64. Ke2 Rf1 65. h5 Qd1+
66. Ke3 Rxf3# {Hossa checkmated} 0-1

[Event "ICS rated standard match"]
[Site "204.178.125.65"]
[Date "2000.05.22"]
[Round "?"]
[White "QueenMaxima"]
[Black "Hossa"]
[Result "0-1"]
[WhiteElo "2346"]
[BlackElo "2264"]
[PlyCount "174"]
[EventDate "2000.??.??"]

1. e4 c5 2. Nf3 d6 3. d4 Nf6 4. Nc3 cxd4 5. Nxd4 Nc6 6. Be2 e6 7. Be3 Be7 8.
O-O O-O 9. f4 d5 10. Bf3 Bb4 11. exd5 exd5 12. Qd3 Re8 13. Bf2 Bc5 14. Rfe1
Rxe1+ 15. Rxe1 Bg4 16. h3 Bxf3 17. Nxc6 Bxf2+ 18. Kxf2 bxc6 19. Kxf3 Qb6 20. b3
Qb4 21. Re2 Rd8 22. a4 Rd7 23. g4 Rd8 24. g5 Nd7 25. Qe3 a6 26. Qe7 Qxe7 27.
Rxe7 a5 28. Ne2 Kf8 29. Re3 c5 30. f5 h6 31. gxh6 gxh6 32. Nf4 Nf6 33. Re5 Re8
34. Nd3 Rc8 35. c4 dxc4 36. bxc4 Nd7 37. Re3 Kg7 38. Ne5 Rc7 39. Kf4 Nb6 40.
Rg3+ Kf6 41. Rb3 Nxa4 42. Ra3 Nb6 43. Rxa5 Kg7 44. f6+ Kg8 45. Kg4 Nd7 46. Nxd7
Rxd7 47. Rxc5 Kh7 48. Kf5 Rd3 49. Rc7 Rf3+ 50. Ke4 Rxh3 51. Rxf7+ Kg6 52. Rf8
Rh5 53. Kd4 Rf5 54. c5 Rxf6 55. Rc8 Kf5 56. c6 h5 57. Kd5 h4 58. c7 Rf7 59. Kd6
Rxc7 60. Rxc7 Kg4 61. Rc4+ Kg3 62. Rc3+ Kg4 63. Kd5 h3 64. Kc6 h2 65. Re3 h1=Q+
66. Kd6 Kf4 67. Re5 Qa8 68. Rb5 Qa6+ 69. Kc5 Ke5 70. Rb6 Qa3+ 71. Rb4 Qc3+ 72.
Kb5 Kd5 73. Rg4 Qd3+ 74. Kb4 Qd2+ 75. Ka3 Kc5 76. Rg3 Kc4 77. Rg8 Qc1+ 78. Ka2
Qc2+ 79. Ka1 Qh2 80. Rg6 Qe5+ 81. Ka2 Qe2+ 82. Ka1 Kc3 83. Rc6+ Kb3 84. Rb6+
Ka3 85. Ra6+ Qxa6 86. Kb1 Qc6 87. Ka1 Qc1# 0-1

[Event "ICS rated blitz match"]
[Site "204.178.125.65"]
[Date "2000.05.22"]
[Round "?"]
[White "Tika"]
[Black "Hossa"]
[Result "0-1"]
[WhiteElo "2067"]
[BlackElo "2452"]
[PlyCount "78"]
[EventDate "2000.??.??"]

1. e4 c5 2. Nc3 Nc6 3. g3 Nf6 4. Bg2 e6 5. Nge2 d5 6. exd5 exd5 7. d4 cxd4 8.
Nxd4 Bc5 9. Be3 Bg4 10. Qd2 Nxd4 11. Bxd4 Qe7+ 12. Kf1 O-O-O 13. Re1 Be6 14. h3
Rhe8 15. Kg1 Bxd4 16. Qxd4 Kb8 17. Kh2 Ka8 18. Rd1 Rc8 19. Rhe1 Rc4 20. Qe5 Qc5
21. Qe2 Bxh3 22. Qxe8+ Nxe8 23. Rxe8+ Bc8 24. Rxd5 Qxf2 25. Rdd8 Kb8 26. Ne4
Qe2 27. c3 Rc6 28. Nd6 Qh5+ 29. Kg1 Qc5+ 30. Kh2 Rxd6 31. Rxd6 Qxd6 32. Bh3
Qd2+ 33. Kg1 Qc1+ 34. Kh2 Qxb2+ 35. Kg1 Qb1+ 36. Kh2 Qxa2+ 37. Kg1 Qb1+ 38. Kh2
Qc2+ 39. Kg1 f5 {Tika resigns} 0-1

[Event "ICS Rated standard match"]
[Site "204.178.125.65"]
[Date "2000.05.22"]
[Round "?"]
[White "Hossa"]
[Black "PostModernist"]
[Result "1/2-1/2"]
[WhiteElo "2284"]
[BlackElo "2414"]
[PlyCount "126"]
[EventDate "2000.??.??"]

1. e4 c5 2. Nf3 d6 3. d4 Nf6 4. dxc5 Qa5+ 5. c3 Qxc5 6. Bd3 g6 7. Na3 Bg7 8.
Be3 Qa5 9. Nc4 Qd8 10. e5 dxe5 11. Nfxe5 O-O 12. O-O Be6 13. Qe2 Qc7 14. Bd4
Rc8 15. Rad1 Nc6 16. Nxc6 Qxc6 17. b3 Nd5 18. Bxg7 Nf4 19. Qe4 Nxd3 20. Qxd3
Kxg7 21. Qd4+ Kg8 22. Rfe1 Qa6 23. a4 Bxc4 24. bxc4 Rxc4 25. Qd7 e6 26. Qe7
Rxa4 27. Rd7 Rf8 28. Rd8 Rxd8 29. Qxd8+ Kg7 30. Qd2 Ra1 31. Qd4+ f6 32. Qd7+
Kh6 33. Qd2+ g5 34. h3 b5 35. Rxa1 Qxa1+ 36. Kh2 a5 37. Qd4 Kg6 38. Qd3+ f5 39.
Qd7 Kf6 40. Qd8+ Kf7 41. Qd7+ Kf8 42. Qd8+ Kf7 43. Qd7+ Kg8 44. Qd8+ Kg7 45.
Qe7+ Kh6 46. Qxe6+ Kg7 47. Qxf5 h6 48. Qe5+ Kg6 49. Qe6+ Kg7 50. Qe5+ Kh7 51.
Qf6 Qa3 52. Qf7+ Kh8 53. Qg6 Qf8 54. Kg1 Qg7 55. Qd6 a4 56. Qd8+ Kh7 57. Qd3+
Kh8 58. Qxb5 Qxc3 59. Qe8+ Kg7 60. Qe7+ Kg6 61. Qe8+ Kg7 62. Qe7+ Kg6 63. Qe8+
Kg7 1/2-1/2

[Event "ICS rated standard match"]
[Site "204.178.125.65"]
[Date "2000.05.22"]
[Round "?"]
[White "QueenMaxima"]
[Black "Hossa"]
[Result "1-0"]
[WhiteElo "2330"]
[BlackElo "2290"]
[PlyCount "105"]
[EventDate "2000.??.??"]

1. e4 c5 2. Nf3 d6 3. d4 Nf6 4. Nc3 cxd4 5. Nxd4 Nc6 6. Bg5 e6 7. Qd2 Be7 8.
O-O-O Nxd4 9. Qxd4 O-O 10. f4 Qa5 11. Kb1 h6 12. h4 hxg5 13. hxg5 Ng4 14. Rd3
e5 15. Qd5 Qxd5 16. Nxd5 Bd8 17. Rdh3 Nh6 18. R3h2 f5 19. gxh6 fxe4 20. hxg7
Kxg7 21. Rh7+ Kg6 22. g3 exf4 23. gxf4 Bg5 24. Bg2 Rxf4 25. Nxf4+ Bxf4 26.
Bxe4+ Kg5 27. Rf7 Be3 28. Rh8 Be6 29. Rg7+ Kf6 30. Rg6+ Ke7 31. Rxa8 d5 32. Bd3
Bf7 33. Rg7 Kf6 34. Rh7 Bc5 35. b4 Bxb4 36. Rxa7 Bg8 37. Rhxb7 Bc5 38. Ra6+ Ke5
39. Rg6 Be6 40. Rh7 Bc8 41. Rg8 Be6 42. Re8 Bb4 43. Rh5+ Kd6 44. Rh6 Kc5 45.
Rexe6 Bd2 46. Rh5 Bc3 47. Be4 Kb4 48. Rxd5 Bg7 49. a3+ Kxa3 50. Rb5 Ka4 51. Bd3
Bc3 52. Ra6+ Ba5 53. Raxa5# {Hossa checkmated} 1-0

[Event "ICS rated standard match"]
[Site "204.178.125.65"]
[Date "2000.05.22"]
[Round "?"]
[White "Hossa"]
[Black "Sjeng"]
[Result "1-0"]
[WhiteElo "2276"]
[BlackElo "2168"]
[PlyCount "117"]
[EventDate "2000.??.??"]

1. e4 c5 2. Nf3 e6 3. d4 cxd4 4. Nxd4 Nc6 5. c4 Qh4 6. Nb5 Bb4+ 7. N1c3 Qxe4+
8. Be2 Qe5 9. a3 Bxc3+ 10. bxc3 Nf6 11. f4 Qb8 12. Nd6+ Ke7 13. c5 Nd5 14. Bd2
b6 15. c4 Nf6 16. Be3 Ba6 17. Rb1 Qc7 18. O-O Rab8 19. Qa4 Bc8 20. cxb6 axb6
21. Rfd1 h5 22. Qb5 Qa7 23. Bxb6 Qxb6+ 24. Qxb6 Rxb6 25. Rxb6 h4 26. Bf3 Rf8
27. Bxc6 dxc6 28. Rxc6 Bd7 29. Rc7 Rd8 30. a4 Nd5 31. Nf5+ Kf6 32. cxd5 exf5
33. a5 Be6 34. Rc5 g5 35. fxg5+ Kxg5 36. Kf2 Kf6 37. Rc6 Ke7 38. d6+ Kf6 39. a6
Bd7 40. Rc7 f4 41. a7 Bg4 42. Rb1 Ra8 43. Rb8 Rxa7 44. Rxa7 h3 45. gxh3 Bxh3
46. Rf8 Ke5 47. d7 Bxd7 48. Rxd7 f6 49. Kf3 Ke6 50. Kxf4 Kxd7 51. Rxf6 Ke8 52.
h4 Kd7 53. h5 Ke7 54. Kg5 Ke8 55. h6 Kd7 56. h7 Ke7 57. h8=Q Kd7 58. Qg7+ Ke8
59. Rf8# {Sjeng checkmated} 1-0

[Event "ICS rated blitz match"]
[Site "204.178.125.65"]
[Date "2000.05.22"]
[Round "?"]
[White "Paratuga"]
[Black "Hossa"]
[Result "0-1"]
[WhiteElo "2157"]
[BlackElo "2455"]
[PlyCount "84"]
[EventDate "2000.??.??"]

1. e4 c5 2. Nf3 d6 3. d4 Nf6 4. Nc3 cxd4 5. Nxd4 Nc6 6. Bc4 Nxd4 7. Qxd4 e6 8.
Bg5 Bd7 9. O-O-O h6 10. Bh4 e5 11. Qd2 g5 12. Bg3 h5 13. f3 g4 14. Kb1 h4 15.
Bf2 h3 16. fxg4 hxg2 17. Rhg1 Bxg4 18. Rde1 Rxh2 19. Bg3 Rh8 20. Rxg2 a6 21.
Rf2 b5 22. Bb3 Be7 23. Ref1 Be6 24. Bxe6 fxe6 25. Qg5 Kd7 26. Rxf6 Bxf6 27. Qg6
Be7 28. Rd1 Rg8 29. Qh5 Rxg3 30. Qxe5 Rg1 31. Qd4 Rxd1+ 32. Qxd1 Qh8 33. a3 Bf6
34. Qg4 Bxc3 35. bxc3 Qxc3 36. Qg6 Rf8 37. Qh7+ Kc6 38. Qh1 Qxa3 39. e5+ Qf3
40. Qh7 Qd1+ 41. Ka2 Rf2 42. exd6 Rxc2+ {Paratuga resigns} 0-1

[Event "ICS rated standard match"]
[Site "204.178.125.65"]
[Date "2000.05.22"]
[Round "?"]
[White "Sjeng"]
[Black "Hossa"]
[Result "0-1"]
[WhiteElo "2157"]
[BlackElo "2287"]
[PlyCount "114"]
[EventDate "2000.??.??"]

1. d4 d5 2. c4 c6 3. Nf3 e6 4. e3 Nd7 5. Be2 Ngf6 6. O-O b6 7. cxd5 exd5 8. Ne5
Nxe5 9. dxe5 Nd7 10. Qc2 Bb7 11. Qc3 a5 12. a3 Nc5 13. Nd2 a4 14. b4 axb3 15.
Nxb3 Nxb3 16. Qxb3 Be7 17. Qb1 Ba6 18. Bxa6 Rxa6 19. Qf5 O-O 20. e6 Bf6 21. Ra2
Qe7 22. exf7+ Qxf7 23. Rc2 Qe8 24. Qd3 b5 25. Bd2 Rf7 26. Rfc1 Rc7 27. Bb4 Qd7
28. e4 dxe4 29. Qxe4 Bg5 30. Re1 Bh6 31. Qe8+ Qxe8 32. Rxe8+ Kf7 33. Rf8+ Kg6
34. Rd8 Bg5 35. Rd6+ Bf6 36. Rc3 Kf7 37. Rc5 g6 38. Rd3 Be7 39. Rc1 c5 40. Rh3
Kg8 41. Be1 c4 42. Rb1 Rxa3 43. f3 b4 44. Bf2 c3 45. Bg3 Rc4 46. Rc1 b3 47. Bd6
Bxd6 48. Re1 c2 49. Kf2 b2 50. Re8+ Kg7 51. Re1 c1=R 52. Rxh7+ Kxh7 53. Re7+
Bxe7 54. Kg3 Rb3 55. Kh3 Rxf3+ 56. gxf3 Rg1 57. f4 Rc3# {Sjeng checkmated} 0-1

[Event "ICS rated standard match"]
[Site "204.178.125.65"]
[Date "2000.05.22"]
[Round "?"]
[White "Hossa"]
[Black "jacdion"]
[Result "1/2-1/2"]
[WhiteElo "2297"]
[BlackElo "2385"]
[PlyCount "223"]
[EventDate "2000.??.??"]

1. e4 e5 2. Nf3 Nc6 3. Bb5 Nf6 4. Nc3 Nd4 5. Ba4 Bc5 6. Nxe5 O-O 7. Nd3 Bb6 8.
e5 Ne8 9. O-O d6 10. Re1 Qg5 11. Kh1 Bf5 12. exd6 Nxd6 13. Ne5 Qh4 14. d3 Qxf2
15. Be3 Qh4 16. Qd2 Ne6 17. Bxb6 axb6 18. Bd7 Nd4 19. Nd5 f6 20. g3 Qh3 21. Nf4
Qh6 22. Ng4 Qg5 23. Bxf5 N6xf5 24. Qd1 Rae8 25. Re4 Nxc2 26. Nh3 Qg6 27. Qxc2
Rxe4 28. dxe4 Qxg4 29. exf5 Qxh3 30. Qxc7 Qxf5 31. Qxb7 Qf2 32. Qd5+ Kh8 33.
Qg2 Qe3 34. Rd1 Re8 35. Qd5 h6 36. Rf1 Qe2 37. Qg2 Qa6 38. Ra1 Re2 39. Qc6 Qd3
40. a3 Rxb2 41. Re1 Rxh2+ 42. Kxh2 Qd2+ 43. Kh3 Qxe1 44. Qc8+ Kh7 45. Qf5+ Kg8
46. Qc8+ Kf7 47. Qc7+ Qe7 48. Qxb6 Qxa3 49. Qb5 Qf3 50. Kh2 Qf2+ 51. Kh3 Qe3
52. Kh2 Qe6 53. Qh5+ Kg8 54. Qb5 g6 55. Qb8+ Kg7 56. Qb7+ Qf7 57. Qc8 Qa2+ 58.
Kh3 Qd5 59. Qc7+ Kf8 60. Kh2 Ke8 61. Qg7 Qh5+ 62. Kg1 Qd1+ 63. Kf2 Qd4+ 64. Kf3
Qd5+ 65. Ke3 Qb3+ 66. Kf2 Qc2+ 67. Kg1 Qd3 68. Kf2 Qd2+ 69. Kf3 Qd1+ 70. Kf2
Qd4+ 71. Kf3 Qd5+ 72. Ke3 Qc5+ 73. Kf3 Qc6+ 74. Kf2 Qc2+ 75. Kg1 Qc5+ 76. Kf1
Qf5+ 77. Kg2 Qd5+ 78. Kh2 Qh5+ 79. Kg1 Qc5+ 80. Kf1 Qf5+ 81. Kg2 Qe4+ 82. Kh2
Qe2+ 83. Kg1 Qe3+ 84. Kh2 Qf2+ 85. Kh3 Qf1+ 86. Kh2 Qe2+ 87. Kg1 Qe1+ 88. Kg2
Qd2+ 89. Kf3 Qd3+ 90. Kf2 Qe4 91. Qxf6 h5 92. Qg7 Qf5+ 93. Kg2 Qd5+ 94. Kh2
Qd2+ 95. Kh3 Qc2 96. Qb7 Qf5+ 97. Kg2 g5 98. Qb8+ Kd7 99. Qa7+ Ke6 100. Qa6+
Ke5 101. Qb5+ Kf6 102. Qxf5+ Kxf5 103. Kf3 Ke5 104. Ke3 Kf6 105. Kf3 Kf7 106.
Kf2 Kg6 107. Kf3 Kf6 108. Kf2 Ke5 109. Ke3 Kf5 110. Kf3 Kf6 111. Kf2 Ke5 112.
Ke3 1/2-1/2

[Event "ICS rated standard match"]
[Site "204.178.125.65"]
[Date "2000.05.22"]
[Round "?"]
[White "jacdion"]
[Black "Hossa"]
[Result "1/2-1/2"]
[WhiteElo "2381"]
[BlackElo "2301"]
[PlyCount "137"]
[EventDate "2000.??.??"]

1. e4 c5 2. Nf3 d6 3. d4 Nf6 4. Nc3 cxd4 5. Nxd4 Nc6 6. Bg5 a6 7. Qd2 h6 8.
Bxf6 gxf6 9. O-O-O Nxd4 10. Qxd4 e6 11. f4 Bd7 12. h3 Be7 13. g3 Qc7 14. g4 Rc8
15. Bg2 a5 16. Rd2 b5 17. Qd3 Qc5 18. Bf1 Rb8 19. Ne2 a4 20. Bg2 b4 21. Rhd1 a3
22. b3 Rc8 23. Qd4 Qa5 24. Kb1 e5 25. Qf2 Qc7 26. Rc1 Bf8 27. c4 bxc3 28. Rdc2
Qb7 29. Nxc3 Be6 30. f5 Bc4 31. Bf1 Bxf1 32. Qxf1 Be7 33. Nd5 Rc5 34. Rc4 h5
35. Rb4 Qc8 36. Qb5+ Kf8 37. Rxc5 dxc5 38. Qb8 Qe8 39. Qxe8+ Kxe8 40. Rb8+ Bd8
41. Nxf6+ Ke7 42. Nxh5 Rh6 43. Rc8 Rd6 44. Rxc5 Rd1+ 45. Kc2 Ra1 46. f6+ Ke6
47. Rc6+ Kd7 48. Ra6 Rxa2+ 49. Kc3 Rh2 50. Rxa3 Rxh3+ 51. Kc2 Rh4 52. Ra7+ Bc7
53. b4 Kc6 54. Ra8 Rxg4 55. Kd3 Rh4 56. Ng7 Rh3+ 57. Kd2 Rb3 58. Ra4 Kb5 59.
Ra7 Kb6 60. Ra1 Rxb4 61. Ne8 Bd6 62. Nxd6 Rd4+ 63. Ke3 Rxd6 64. Rf1 Rc6 65. Rf5
Re6 66. Rf2 Rc6 67. Rf5 Re6 68. Rf1 Rc6 69. Rf5 1/2-1/2

[Event "ICS rated blitz match"]
[Site "204.178.125.65"]
[Date "2000.05.22"]
[Round "?"]
[White "Hossa"]
[Black "PostModernist"]
[Result "1-0"]
[WhiteElo "2460"]
[BlackElo "2655"]
[PlyCount "121"]
[EventDate "2000.??.??"]

1. e4 Nc6 2. Nf3 f5 3. exf5 d5 4. Bb5 Bxf5 5. Ne5 Qd6 6. d4 Bd7 7. Bxc6 Bxc6 8.
b3 Qe6 9. Nc3 O-O-O 10. Ne2 g6 11. Nf4 Qf6 12. O-O Bh6 13. Qg4+ Bd7 14. Nxd7
Rxd7 15. Ne6 Rd6 16. Re1 Bxc1 17. Raxc1 Nh6 18. Qe2 Nf5 19. c3 h5 20. a3 g5 21.
Qe5 g4 22. Rc2 Rh6 23. Rce2 Qf7 24. Ng5 Qf8 25. Qf4 Rhf6 26. Qd2 Qd8 27. Re6
Qd7 28. Qe2 a6 29. Rxf6 Rxf6 30. Ne6 Qd6 31. a4 b5 32. axb5 axb5 33. Nc5 c6 34.
Qa2 Qb8 35. Qa5 h4 36. b4 h3 37. g3 Rh6 38. Re2 Rf6 39. Re5 Qd6 40. Qa6+ Kc7
41. Qb7+ Kd8 42. Qa8+ Kc7 43. Re2 Rg6 44. Ra2 Qxc5 45. dxc5 Kd7 46. Qb7+ Ke6
47. Qxc6+ Kf7 48. Qxd5+ e6 49. Qd7+ Kf6 50. Qd8+ Kg7 51. c6 e5 52. Ra7+ Kh6 53.
Qd2+ Kh5 54. Rh7+ Rh6 55. Rxh6+ Nxh6 56. c7 Nf7 57. c8=Q Kg6 58. Qg8+ Kf6 59.
Qd5 Ng5 60. Qd6+ Kf5 61. Qdg6# 1-0

[Event "ICS rated blitz match"]
[Site "204.178.125.65"]
[Date "2000.05.22"]
[Round "?"]
[White "Tika"]
[Black "Hossa"]
[Result "0-1"]
[WhiteElo "2069"]
[BlackElo "2484"]
[PlyCount "88"]
[EventDate "2000.??.??"]

1. d4 d5 2. c4 c6 3. Nf3 e6 4. Nbd2 Nf6 5. g3 c5 6. cxd5 cxd4 7. Nxd4 Qxd5 8.
N2f3 e5 9. Nb3 Qxd1+ 10. Kxd1 Nc6 11. Bg2 Bf5 12. Nh4 Be4 13. f3 Rd8+ 14. Bd2
Bd5 15. Nc1 Bb4 16. Bxb4 Nxb4 17. Nd3 Be6 18. Bf1 e4 19. fxe4 Bg4 20. Kc1 Rc8+
21. Kb1 Nxe4 22. b3 Nc2 23. Bg2 Nd2+ 24. Kb2 Nxa1 25. Rxa1 g5 26. Nf3 Nxf3 27.
exf3 Bf5 28. Ne1 Rd8 29. Kc3 Rd7 30. Bf1 O-O 31. a4 Rc8+ 32. Bc4 h5 33. Rc1 Be6
34. Nd3 Bxc4 35. bxc4 Rdc7 36. Kb3 Rd8 37. Nb4 a5 38. Na2 Rd4 39. Rc3 h4 40.
gxh4 Rxh4 41. Rc2 f6 42. Rg2 Rcxc4 43. Nc3 Rcf4 44. Ne4 Rxf3+ 0-1

[Event "ICS rated blitz match"]
[Site "204.178.125.65"]
[Date "2000.05.22"]
[Round "?"]
[White "PostModernist"]
[Black "Hossa"]
[Result "0-1"]
[WhiteElo "2631"]
[BlackElo "2487"]
[PlyCount "122"]
[EventDate "2000.??.??"]

1. d4 d5 2. Nf3 c6 3. e3 Nf6 4. Bd3 e6 5. O-O Nbd7 6. Nbd2 Be7 7. b3 Bb4 8. Bb2
O-O 9. Re1 Ne4 10. c3 Nxc3 11. Bxh7+ Kxh7 12. Bxc3 Be7 13. Qe2 Kg8 14. Rad1 a5
15. Bb2 b6 16. Qd3 a4 17. bxa4 Rxa4 18. Qb3 Ra5 19. Bc3 Ra3 20. Qc2 Bb7 21. Rb1
Qa8 22. Rb2 f5 23. Rc1 Ra4 24. Ra1 Qa7 25. Qd1 Ra8 26. Ne1 Ba3 27. Rc2 Qb8 28.
Qf3 Bd6 29. Qh3 Qe8 30. Nef3 Nf6 31. Ng5 Ba6 32. Rb2 Bd3 33. Rxb6 Ra3 34. Bb2
Rxa2 35. Rxa2 Rxa2 36. Ndf3 Qd8 37. Rb3 Bc2 38. Rb7 Qa8 39. Rxg7+ Kxg7 40. Bc3
Qg8 41. Nd2 Ng4 42. g3 Kf8 43. Qh5 Nf6 44. Qh6+ Ke7 45. Ngf3 Ne4 46. Nxe4 fxe4
47. Ng5 Ra3 48. Bd2 Ra1+ 49. Kg2 Bd3 50. h4 Be2 51. Bc3 Rb1 52. Ba5 Bg4 53. h5
Kd7 54. Kh2 Be7 55. Nh3 Qf7 56. Nf4 Bf3 57. Be1 Rxe1 58. Ng2 Bxg2 59. f4 exf3
60. Qxe6+ Kxe6 61. h6 Qh5# 0-1

[Event "ICS rated blitz match"]
[Site "204.178.125.65"]
[Date "2000.05.22"]
[Round "?"]
[White "Hossa"]
[Black "Paratuga"]
[Result "1/2-1/2"]
[WhiteElo "2509"]
[BlackElo "2136"]
[PlyCount "93"]
[EventDate "2000.??.??"]

1. e4 e5 2. Nf3 Nc6 3. Bb5 f5 4. d3 fxe4 5. dxe4 Nf6 6. Bxc6 bxc6 7. Be3 d6 8.
Nc3 Be7 9. Qe2 O-O 10. O-O-O Qe8 11. Qc4+ Kh8 12. Bg5 h6 13. Bxf6 Rxf6 14. h3
Be6 15. Qa6 c5 16. Nd5 Bxd5 17. Rxd5 c6 18. Rdd1 Qc8 19. Qe2 Rb8 20. b3 Qb7 21.
Qc4 Qb5 22. Qxb5 cxb5 23. Kb2 a5 24. a3 a4 25. Rd3 Rff8 26. Rhd1 Rfc8 27. R3d2
Kg8 28. Rd5 Kf7 29. h4 Ke6 30. Ka2 Rb6 31. Kb1 Ra8 32. b4 cxb4 33. axb4 Rc8 34.
Kc1 Rc4 35. Nd2 Rxb4 36. g3 a3 37. Rd3 Ra4 38. Rd5 Rb4 39. Rd3 Ra6 40. c3 a2
41. Kc2 Rxe4 42. Nxe4 a1=Q 43. Rxa1 Rxa1 44. Nd2 d5 45. Kb2 Rd1 46. Kc2 Ra1 47.
Kb2 1/2-1/2

[Event "ICS Rated blitz match"]
[Site "204.178.125.65"]
[Date "2000.05.22"]
[Round "?"]
[White "Hossa"]
[Black "PostModernist"]
[Result "1-0"]
[WhiteElo "2496"]
[BlackElo "2615"]
[PlyCount "183"]
[EventDate "2000.??.??"]

1. e4 c6 2. d4 d5 3. e5 c5 4. Nf3 cxd4 5. Nxd4 e6 6. Be3 Nc6 7. Nxc6 bxc6 8.
Nd2 d4 9. Bf4 Rb8 10. Rb1 g5 11. Bg3 Be7 12. Bd3 h5 13. h3 Bb7 14. O-O g4 15.
h4 Bxh4 16. Bxh4 Qxh4 17. Ne4 Kf8 18. Qd2 Qe7 19. Qf4 c5 20. Nd6 Bd5 21. c4 Ba8
22. b4 cxb4 23. Qxd4 f6 24. c5 a5 25. Qf4 Rd8 26. Rfd1 Bd5 27. Rb2 Rh6 28. Bb5
Qg7 29. Rbd2 Qg5 30. Qxg5 fxg5 31. c6 Rh7 32. Nb7 Ra8 33. Nc5 Rf7 34. Nd7+ Kg7
35. Rc1 Ne7 36. c7 Rh8 37. Nf6 Rff8 38. Bd7 Ra8 39. Rdc2 Nc8 40. Ne8+ Kg6 41.
Nd6 a4 42. Kh2 b3 43. axb3 axb3 44. Bxc8 bxc2 45. Bd7 Ra2 46. Kg1 Rb2 47. Kh2
Ra2 48. c8=R Rxc8 49. Bxc8 Bb3 50. Bd7 Rb2 51. Bb5 Kh6 52. Bd3 Kg7 53. Ne4 h4
54. Nc5 Kf8 55. Nxb3 Rxb3 56. Bc4 g3+ 57. fxg3 Rxg3 58. Rxc2 Ke7 59. Rb2 Re3
60. Rb7+ Kd8 61. Rb5 Kd7 62. Ra5 Re4 63. Bb3 Re3 64. Ba2 Re2 65. Kg1 Rc2 66.
Ra7+ Kc6 67. Bxe6 Rc5 68. Re7 Rxe5 69. Bd7+ Kd6 70. Rxe5 Kxe5 71. Kh2 Kd6 72.
Bc8 Ke5 73. Kh3 Kf6 74. Kg4 Kg6 75. Bd7 Kf6 76. Kh5 Ke7 77. Bf5 Kf6 78. Bh3 Ke5
79. Kxg5 Kd5 80. Kxh4 Kd4 81. Kh5 Ke3 82. g4 Kf3 83. g5 Kg3 84. g6 Kxh3 85. g7
Kg2 86. g8=Q+ Kf2 87. Qe8 Kf3 88. Kg5 Kf2 89. Kf4 Kg1 90. Qe2 Kh1 91. Kg3 Kg1
92. Qe1# 1-0

[Event "ICS Rated blitz match"]
[Site "204.178.125.65"]
[Date "2000.05.22"]
[Round "?"]
[White "Randolf-Raatass"]
[Black "Hossa"]
[Result "0-1"]
[WhiteElo "2046"]
[BlackElo "2517"]
[PlyCount "104"]
[EventDate "2000.??.??"]

1. e4 c5 2. Nf3 d6 3. g3 Nf6 4. c3 Nc6 5. d3 d5 6. e5 Nd7 7. d4 e6 8. Bg2 Be7
9. O-O h5 10. h4 b6 11. Ng5 Ba6 12. Re1 cxd4 13. cxd4 Bb4 14. Nc3 Rc8 15. Be3
Na5 16. Qf3 Qe7 17. Rec1 f6 18. exf6 gxf6 19. Nxe6 Bxc3 20. Qxd5 Bxb2 21. Rxc8+
Bxc8 22. Nc7+ Kf8 23. Ne6+ Kf7 24. Nc7+ Kg6 25. Re1 Nf8 26. Nb5 Bb7 27. Qd6
Qxd6 28. Nxd6 Bxg2 29. Kxg2 Ne6 30. Nb5 Rd8 31. Rd1 a6 32. d5 axb5 33. Bxb6 Nc4
34. Bxd8 Nxd8 35. d6 b4 36. Rd5 Bc3 37. d7 f5 38. Rc5 Nd2 39. Rc8 Bf6 40. Rb8
Be7 41. Rb6+ Kg7 42. Rb5 Kf6 43. Rb6+ Ne6 44. Rb8 Ne4 45. Rh8 Kg6 46. Re8 Kf7
47. Rh8 Nf6 48. Rc8 Nxd7 49. Rc6 Ne5 50. Rb6 Nd3 51. Rb5 Bc5 52. f3 Ne1+ 0-1

[Event "ICS rated blitz match"]
[Site "204.178.125.65"]
[Date "2000.05.22"]
[Round "?"]
[White "Hossa"]
[Black "PostModernist"]
[Result "1-0"]
[WhiteElo "2519"]
[BlackElo "2594"]
[PlyCount "66"]
[EventDate "2000.??.??"]

1. e4 c6 2. d4 d5 3. e5 c5 4. Nf3 cxd4 5. Nxd4 e6 6. Be3 Nc6 7. Nxc6 bxc6 8.
Nd2 d4 9. Bf4 g5 10. Bg3 h5 11. h4 Rb8 12. hxg5 Rxb2 13. Rxh5 Rxh5 14. Qxh5 Qa5
15. g6 Nh6 16. Bd3 Qc3 17. Rd1 Rb7 18. Bf4 fxg6 19. Qxg6+ Nf7 20. Ba6 Qb4 21.
Bxb7 Qxb7 22. Ne4 Qb4+ 23. Bd2 Qb5 24. f4 c5 25. Nf6+ Ke7 26. c3 Qc4 27. Ng8+
Ke8 28. Qe4 Ba6 29. Qc6+ Kd8 30. Qa8+ Kc7 31. Qxa7+ Kc8 32. Qa8+ Kc7 33. Qf3 d3
1-0

[Event "ICS Rated blitz match"]
[Site "204.178.125.65"]
[Date "2000.05.22"]
[Round "?"]
[White "PostModernist"]
[Black "Hossa"]
[Result "1-0"]
[WhiteElo "2575"]
[BlackElo "2538"]
[PlyCount "103"]
[EventDate "2000.??.??"]

1. e4 c5 2. c3 e6 3. d4 d5 4. e5 Nc6 5. Nf3 Bd7 6. Be2 c4 7. b3 b5 8. O-O Nge7
9. Na3 a6 10. bxc4 bxc4 11. Bg5 Qa5 12. Nb1 Qb6 13. Qd2 Nf5 14. g4 Nh6 15. h3
Ng8 16. Bf4 Nge7 17. Na3 Ng6 18. Nc2 Nxf4 19. Qxf4 Be7 20. Rfb1 Qa5 21. Qe3 Na7
22. Nb4 Rb8 23. a3 Nb5 24. Nxa6 Qxa6 25. a4 Qc8 26. axb5 Rxb5 27. Rxb5 Bxb5 28.
g5 Qb7 29. h4 h6 30. gxh6 gxh6 31. Kf1 h5 32. Rb1 Qc6 33. Qf4 Rg8 34. Ng5 Bxg5
35. hxg5 Rh8 36. Qf6 Rf8 37. Bxh5 Qb6 38. g6 Kd7 39. g7 Rd8 40. Qxf7+ Kc8 41.
g8=Q Rxg8 42. Qxg8+ Kc7 43. Qg7+ Kc8 44. Qh8+ Kb7 45. Be8 Ka7 46. Rxb5 Qc7 47.
Bd7 Qb7 48. Rxb7+ Kxb7 49. Qc8+ Ka7 50. Bc6 Kb6 51. Qb7+ Ka5 52. Qa7# 1-0

[Event "ICS rated blitz match"]
[Site "204.178.125.65"]
[Date "2000.05.22"]
[Round "?"]
[White "Hossa"]
[Black "HaraldLdahl"]
[Result "1-0"]
[WhiteElo "2524"]
[BlackElo "2179"]
[PlyCount "71"]
[EventDate "2000.??.??"]

1. e4 Nf6 2. e5 Nd5 3. c4 Nb6 4. d4 d6 5. f4 dxe5 6. fxe5 c5 7. d5 e6 8. Nc3
exd5 9. cxd5 c4 10. Nf3 Bg4 11. Be2 Bb4 12. d6 Nc6 13. Bg5 Qd7 14. Bf4 O-O 15.
O-O Bxc3 16. bxc3 Rae8 17. Rb1 Bxf3 18. Bxf3 Nxe5 19. Be4 f5 20. Bd5+ Kh8 21.
Bg5 Qxd6 22. Bxb7 Qxd1 23. Rbxd1 Nd3 24. Bc6 Re2 25. a4 Ra2 26. Bb5 h6 27. Be7
Rf7 28. Bd8 f4 29. Bxb6 Nb2 30. Rd8+ Kh7 31. Bc5 Nxa4 32. Bxc4 Rc7 33. Bg8+ Kg6
34. Bd6 Rxc3 35. Bxa2 Rc2 36. Bb1 1-0